| 000 | 00765nam a2200193 a 4500 | ||
|---|---|---|---|
| 001 | 000037566 | ||
| 005 | 20200930080437.0 | ||
| 008 | 120501s1986 sp 000 0 spa d | ||
| 020 | _a8400063155 | ||
| 040 |
_aDO-SdBNP _bspa _cBNPHU |
||
| 111 | 1 |
_aSimposio celebrado en la Escuela Española de Historia y Arqueología de Roma _c(Roma) _964021 |
|
| 245 | 1 | 0 |
_aItalia y la guerra civil española : / _cpresentación Manuel Espadas Burgos. |
| 260 |
_aMadrid : _bCentro de Estudios Históricos ( C.S.I.C., ), _c1986. |
||
| 300 |
_aXII, 245 p. ; _c24 cm. |
||
| 500 | _aEspadas Burgos, Manuel | ||
| 500 | _aIncluye referencias bibliográficas y notas al pie de las páginas | ||
| 546 | _aTextos en castellano e italino | ||
| 710 | 1 |
_aCentro de Estudios Históricos _964022 |
|
| 999 |
_c37056 _d37056 |
||